Statistics for Football logo/knowledge quiz 1

Click here to take the quiz!

General Stats

  • This quiz has been taken 88 times
  • The average score is 10 of 16

Answer Stats

Answer% Correct
Ajax
97%
Liverpool
97%
Zlatan Ibrahimović
93%
Arjen Robben
86%
George Best
75%
Major League Soccer
75%
UEFA Conference League
67%
Iceland
63%
Japan
63%
Trabzonspor
54%
Eredivisie
47%
Conmebol Libertadores
45%
Gerd Müller
45%
Peru
30%
Como
22%
South Africa
17%

Score Distribution

Percentile by Number Answered

Percent of People with Each Score

Your Score History

You have not taken this quiz